Some applications of behavioural research

Bewaard in:
Bibliografische gegevens
Hoofdauteurs: Likert, Rensis (autor), Hayes, Samuel Perkins (Auteur)
Formaat: Boek
Taal:Engels
Gepubliceerd in: París UNESCO 1957
Reeks:Sciencie and Society
Onderwerpen:
Tags: Voeg label toe
Geen labels, Wees de eerste die dit record labelt!

MARC

LEADER 00000nam a2200000 a 4500
001 UCW6894
003 CL-VaPUC
008 920701e19570000FR |||||||||||||||||eng|d
082 0 4 |a 150.194  |b LIK  |2 21 
100 |a Likert, Rensis  |e autor  |9 413886 
700 0 |a Hayes, Samuel Perkins  |e author  |9 311973 
245 1 0 |a Some applications of behavioural research 
300 |a 333 p 
942 |c BK 
945 |d 19920701 00:00:00 
260 |a París  |b UNESCO  |c 1957 
650 0 |a Conducta humana   |9 269906 
583 |a last modification  |c 19920701 00:00:00  |k Rodrigo Vera 
490 0 |a Sciencie and Society 
999 |c 219800  |d 219798 
952 |0 0  |1 0  |4 0  |6 150_194000000000000_LIK_1957  |7 0  |8 A  |9 211155  |a BIBEDU  |b BIBEDU  |d 2019-11-15  |i 2794101  |o 150.194 LIK 1957  |p 2794101  |r 2019-11-15  |w 2019-11-15  |y BK  |k EDU